00870nam a2200193 4500003000700000005001700007008004100024040003300065041000800098050002200106110013500128245019600263260007400459300001700533336002800550337003000578338002700608650004100635CBULib20240917134547.0240917b |||||||| |||| 00| 0 eng d aCBULibbEnglishcCBULiberda aeng aGOV.ZAM(02)2001/1 aGovernment of the Republic of Zambia. Ministry of Commerce, Trade and Industry, Patents and Companies Registration Office (Zambia) c/ by Government of the Republic of Zambia. Ministry of Commerce, Industry and Trade, Patents and Companies Registration Office (Zambia)aBasic facts about registration of companies in Zambia aLusaka :bPatents and Companies Registration Office (Zambia) c[2001] aii, 9 pages  2rdacontentaText |btxt 2rdamediaaUnmediated |bn 2rdacarrieraVolumebnc aPATENT LAWS AND LEGISTLATION--ZAMBIA